| 000 | 01546pam a2200409 i 4500 | ||
|---|---|---|---|
| 999 |
_c28011 _d27982 |
||
| 001 | 016802618 | ||
| 003 | EG-ScBUE | ||
| 005 | 20200210092145.0 | ||
| 006 | m||||fq||h 00| 0 | ||
| 008 | 140722s2018 ii a f d 001 0 eng d | ||
| 020 | _a9789352701117 | ||
| 040 |
_aStDuBDS _beng _erda _cStDuBDS _dUk _dEG-ScBUE |
||
| 082 | 0 | 4 |
_a617.632 _bRED _222 |
| 100 | 1 |
_aReddy, Shantipriya, _d1968- _eauthor. |
|
| 245 | 1 | 0 |
_aEssentials of clinical periodontology and periodontics / _cShantipriya Reddy, BDS MDS (periodontia), Professor and Head Department of periodontics, Dr Syamala Reddy, Dental College Hospital and Research Centre, Bengaluru, Karnataka, India. |
| 250 | _aFifth edition. | ||
| 264 | 1 |
_aNew Delhi : _bJaypee Brothers Medical Publishers (P) Ltd, _c2018. |
|
| 300 |
_axxiv, 581 pages : _bcolor illustrations ; _c27 cm + _e1 CD |
||
| 336 |
_atext _2rdacontent _btxt |
||
| 336 |
_asounds _bsnd _2rdacontent |
||
| 337 |
_aunmediated _2rdamedia _bn |
||
| 337 |
_aaudio _2rdamedia _bs |
||
| 338 |
_avolume _2rdacarrier _bnc |
||
| 338 |
_acomputer disc _2rdacarrier _bcd |
||
| 500 | _aIncludes glossary. | ||
| 500 | _aIncludes index. | ||
| 650 | 7 |
_aPeriodontics. _2BUEsh _939502 |
|
| 650 | 7 |
_aPeriodontal Diseases. _2BUEsh |
|
| 653 |
_bDDENT _cFebruary2020 |
||
| 655 | _vReading book | ||
| 700 | 1 |
_aReḍḍi Śyāmala, Vai., _eauthor. |
|
| 942 |
_2ddc _cBB |
||